Fika : sladká švédská kuchařka /

Hlavní autor: Lund, Kristina, 1992-
Jazyk: Čeština
Vydáno: Znojmo : Kristina Lund, 2023
Vydání: 2., aktualizované vydání
Témata:
Fyzický popis: 221 stran : barevné ilustrace ; 25 cm
Language note: Český text
Knihy
Uloženo v:
LEADER 01828cam a2200529 i 4500
001 nkc20233519200
003 CZ PrNK
005 20240813143516.0
007 ta
008 240124s2023 xr a e f 000 0 cze d
015 |a cnb003519200 
020 |a 978-80-11-03206-7  |q (vázáno) 
035 |a (OCoLC)1455301466 
040 |a CBA001  |b cze  |d BOA001  |e rda 
072 7 |a 641  |x Kuchařství. Potraviny. Vařená jídla  |2 Konspekt  |9 19 
080 |a 641.56(=113.6)  |2 MRF 
080 |a 664.144  |2 MRF 
080 |a 641.85  |2 MRF 
080 |a (083.12)  |2 MRF 
100 1 |a Lund, Kristina,  |d 1992-  |7 ola20181009844  |4 aut  |4 pbl  |4 pht 
245 1 0 |a Fika :  |b sladká švédská kuchařka /  |c Kristina Lund 
246 3 0 |a Sladká švédská kuchařka 
250 |a 2., aktualizované vydání 
264 1 |a Znojmo :  |b Kristina Lund,  |c 2023 
300 |a 221 stran :  |b barevné ilustrace ;  |c 25 cm 
336 |a text  |b txt  |2 rdacontent 
336 |a statický obraz  |b sti  |2 rdacontent 
337 |a bez média  |b n  |2 rdamedia 
338 |a svazek  |b nc  |2 rdacarrier 
546 |a Český text 
650 0 7 |a švédská jídla  |7 ph973164  |2 czenas 
650 0 7 |a cukroví  |7 ph114269  |2 czenas 
650 0 7 |a moučníky  |7 ph115366  |2 czenas 
650 0 7 |a sladká jídla  |7 ph116172  |2 czenas 
650 0 9 |a Swedish cookery  |2 eczenas 
650 0 9 |a sweets  |2 eczenas 
650 0 9 |a cakes  |2 eczenas 
650 0 9 |a sweet dishes  |2 eczenas 
655 7 |a kuchařské recepty  |7 fd132687  |2 czenas 
655 9 |a cookbooks  |2 eczenas 
910 2 |a BOA001  |b 2-1520.722 
920 |a 1288113  |z CBA001 
990 |a BK 
995 |a 01 
991 |b 202403  |c NOV 
996 6 |b 2610964204  |c 2-1520.722  |l MZK  |r Sklad / do 1 hodiny  |n 0  |p p.v.  |w 001956845  |u 000010  |a 1  |e BOA001  |j MZK50  |s P 
996 7 |b 2610964205  |c 2-1520.722  |l MZK  |r Sklad / do 1 hodiny  |n 4  |p p.v.  |w 001956845  |u 000020  |a 1  |e BOA001  |j MZK50  |s A